National BIM report 2012 (Record no. 113273)

MARC details
000 -LEADER
fixed length control field 01144cad a22002415a 4500
001 - CONTROL NUMBER
control field L154991
008 - FIXED-LENGTH DATA ELEMENTS--GENERAL INFORMATION
fixed length control field 120214s2012 xxk f 000 0 eng d
035 ## - SYSTEM CONTROL NUMBER
System control number (Sirsi) u154991
041 0# - LANGUAGE CODE
Language code of text/sound track or separate title eng
110 2# - MAIN ENTRY--CORPORATE NAME
Corporate name or jurisdiction name as entry element National Buildings Specification
9 (RLIN) 5911
240 ## - UNIFORM TITLE
Uniform title BIM Survey
245 00 - TITLE STATEMENT
Title National BIM report 2012
Medium [electronic resource]
260 ## - PUBLICATION, DISTRIBUTION, ETC.
Place of publication, distribution, etc. [S.l.]
Name of publisher, distributor, etc. NBS
Date of publication, distribution, etc. 2012
505 2# - FORMATTED CONTENTS NOTE
Formatted contents note Introduction -- BIM and the UK Construction Strategy -- BIM from the point of view of a small practice -- BIM Survey summary of findings -- What will BIM mean for design fees? -- BIM collaboration and engineering - many heads are better than one -- ICT and security
520 ## - SUMMARY, ETC.
Summary, etc. The second NBS National BIM Survey provides a potentially worrying picture of a divided UK construction industry in which real progress has been made but where real areas of inertia remain.
590 ## - LOCAL NOTE (RLIN)
Local note KA NTK
650 24 - SUBJECT ADDED ENTRY--TOPICAL TERM
Topical term or geographic name entry element BUILDING INFORMATION MODELLING
650 24 - SUBJECT ADDED ENTRY--TOPICAL TERM
Topical term or geographic name entry element BIM
9 (RLIN) 6219
651 #4 - SUBJECT ADDED ENTRY--GEOGRAPHIC NAME
Geographic name United Kingdom
Chronological subdivision
690 ## - LOCAL SUBJECT ADDED ENTRY--TOPICAL TERM (OCLC, RLIN)
Topical term or geographic name as entry element BIM
9 (RLIN) 6219
856 40 - ELECTRONIC LOCATION AND ACCESS
Uniform Resource Identifier <a href="https://www.thenbs.com/pdfs/NBS-NationalBIMReport12.pdf">https://www.thenbs.com/pdfs/NBS-NationalBIMReport12.pdf</a>
Public note View the item free of charge at www.thenbs.com
942 ## - ADDED ENTRY ELEMENTS (KOHA)
Suppress in OPAC 0
Holdings
Withdrawn status Lost status Source of classification or shelving scheme Damaged status Not for loan Home library Current library Shelving location Date acquired Total Checkouts Full call number Barcode Date last seen Copy number Price effective from Koha item type
    Dewey Decimal Classification     Virtual Virtual Online 14/02/2012   ONLINE PUBLICATION 154991-2001 06/08/2019 1 06/08/2019 Book